000 00527nam a2200193Ia 4500
005 20250508152406.0
008 008 250505s9999 xx 000 0 hin d
020 _a0-04-371078-6
037 _aTextual
040 _aFEDL
_beng
_cFEDL
041 _ahin
_2eng
084 _a910.7, JAI
_qFEDL
100 _aJaiswal Sita Ram
_9680281
245 0 _aBhoogoal shikshan
260 _aVaranasi, India
_bNanad Kishor and Brothers
_c1957
300 _a172p.
942 _cTEXL
_h910.7, JAI
999 _c1336135
_d1336135